00935 2200301 4500001002100000005001500021035002000036007000300056008004100059020002200100082001400122084001600136100003400152245012100186250002000307300003500327650003400362700003300396264003000429336002100459337003000480338002300510040002200533090002200555850001200577999002200589990002200611INLIS00000000090186220260122012024 a0010-0126000795ta260122s2025 yoia g ind  a978-979-21-8487-704223a248.4 a248.4 HEN d0 aHenri J. M. NouwenePengarang10aDenyut kehadiran :bmenemukan kehidupan rohani dalam kasih Allah /cHenri J. M. Nouwen; penyunting, Yuhanes Kristi A aCetakan I, 2025 a202 halaman :bgambar ;c19 cm 4aKehidupan beragama (Katholik)0 aYuhanes Kristi AePenyunting31aSleman :bKanisius,c2025 2rdacontentateks 2rdamediaatanpa perantara 2rdacarrieravolume aYOPDYOGbinderda aCB-D.11 2025-4442 aYOPDYOG aCB.D.11/2025-4442 aCB-D.11/2025-4442